[Event "Figueira 2023"]
[Site "?"]
[Date "2023.11.07"]
[Round "3.15"]
[White "Del Rio De Angelis, Salvador G."]
[Black "Koridze, Lile"]
[Result "1-0"]
[BlackElo "2161"]
[WhiteElo "2424"]
[LiveChessVersion "1.4.8"]

1. d4 {[%clk 1:30:02]} Nf6 {[%clk 1:30:53]} 2. Bg5 {[%clk 1:30:17]} d5
{[%clk 1:29:24]} 3. e3 {[%clk 1:29:55]} e6 {[%clk 1:24:33]} 4. Nd2
{[%clk 1:28:31]} c5 {[%clk 1:21:34]} 5. c3 {[%clk 1:28:42]} Nbd7 {[%clk 1:21:37]}
6. Ngf3 {[%clk 1:25:06]} Bd6 {[%clk 1:21:27]} 7. Bd3 {[%clk 1:20:21]} Qc7
{[%clk 1:20:52]} 8. O-O {[%clk 1:19:44]} O-O {[%clk 1:20:33]} 9. c4
{[%clk 1:14:43]} cxd4 {[%clk 1:13:09]} 10. exd4 {[%clk 1:14:08]} dxc4
{[%clk 1:06:51]} 11. Nxc4 {[%clk 1:14:10]} Bf4 {[%clk 1:03:30]} 12. Bxf4
{[%clk 1:10:43]} Qxf4 {[%clk 1:03:55]} 13. Nfe5 {[%clk 1:10:07]} g6
{[%clk 0:52:22]} 14. Be2 {[%clk 1:09:52]} Nd5 {[%clk 0:46:27]} 15. Rc1
{[%clk 1:04:12]} Nxe5 {[%clk 0:37:30]} 16. dxe5 {[%clk 1:02:56]} b5
{[%clk 0:36:55]} 17. g3 {[%clk 1:02:54]} Qg5 {[%clk 0:34:04]} 18. h4
{[%clk 1:02:50]} Qe7 {[%clk 0:33:24]} 19. Nd6 {[%clk 1:03:13]} a6
{[%clk 0:28:08]} 20. Bf3 {[%clk 0:55:43]} Bb7 {[%clk 0:27:42]} 21. Qd2
{[%clk 0:53:08]} Rad8 {[%clk 0:25:50]} 22. Qa5 {[%clk 0:52:08]} Rxd6
{[%clk 0:23:34]} 23. exd6 {[%clk 0:52:30]} Qxd6 {[%clk 0:24:01]} 24. Qd2
{[%clk 0:51:20]} Rd8 {[%clk 0:22:27]} 25. Rfd1 {[%clk 0:51:32]} Qe5
{[%clk 0:20:46]} 26. Qd4 {[%clk 0:47:55]} Qxd4 {[%clk 0:15:41]} 27. Rxd4
{[%clk 0:48:16]} Kg7 {[%clk 0:16:07]} 28. a3 {[%clk 0:44:49]} Rd7
{[%clk 0:15:06]} 29. Kf1 {[%clk 0:43:44]} Kf6 {[%clk 0:14:40]} 30. Ke1
{[%clk 0:44:01]} Ke5 {[%clk 0:14:36]} 31. Rd3 {[%clk 0:44:00]} h5
{[%clk 0:13:59]} 32. Kd2 {[%clk 0:44:03]} Kd6 {[%clk 0:13:46]} 33. Bxd5
{[%clk 0:44:02]} Bxd5 {[%clk 0:14:09]} 34. Rc8 {[%clk 0:44:25]} Ra7
{[%clk 0:05:40]} 35. Rdc3 {[%clk 0:43:54]} Bc4 {[%clk 0:05:29]} 36. Ke3
{[%clk 0:43:48]} e5 {[%clk 0:05:09]} 37. b3 {[%clk 0:41:59]} Be6 {[%clk 0:04:29]}
38. Rb8 {[%clk 0:42:05]} Bd7 {[%clk 0:02:45]} 39. Rb6+ {[%clk 0:39:47]} Ke7
{[%clk 0:03:10]} 40. Ke4 {[%clk 1:07:49]} f6 {[%clk 0:33:01]} 41. Rf3
{[%clk 1:07:40]} Be6 {[%clk 0:32:02]} 42. Rc3 {[%clk 1:07:48]} Bd7
{[%clk 0:31:58]} 43. Kd5 {[%clk 1:04:08]} Bh3 {[%clk 0:24:35]} 44. Rbc6
{[%clk 1:03:48]} Rd7+ {[%clk 0:22:32]} 45. Ke4 {[%clk 1:04:12]} Bf5+
{[%clk 0:19:22]} 46. Ke3 {[%clk 1:04:27]} Rd6 {[%clk 0:19:46]} 47. Rc7+
{[%clk 1:02:27]} Kd8 {[%clk 0:16:58]} 48. Ra7 {[%clk 1:02:42]} Ke8
{[%clk 0:12:21]} 49. f3 {[%clk 1:01:31]} Kf8 {[%clk 0:06:26]} 50. Rcc7
{[%clk 1:01:29]} 1-0

[Event "Figueira 2023"]
[Site "?"]
[Date "2023.11.07"]
[Round "3.16"]
[White "Julio, Joao Manuel Dos Santos"]
[Black "Arpan, Das (Jr)"]
[Result "0-1"]
[BlackElo "2400"]
[WhiteElo "1973"]
[LiveChessVersion "1.4.8"]

1. e4 {[%clk 1:27:11]} c6 {[%clk 1:27:29]} 2. d4 {[%clk 1:27:31]} d5
{[%clk 1:27:54]} 3. Nc3 {[%clk 1:27:54]} dxe4 {[%clk 1:28:16]} 4. Nxe4
{[%clk 1:28:20]} Nf6 {[%clk 1:28:41]} 5. Nxf6+ {[%clk 1:27:25]} exf6
{[%clk 1:29:09]} 6. c3 {[%clk 1:27:39]} Bd6 {[%clk 1:29:32]} 7. Bd3
{[%clk 1:27:45]} O-O {[%clk 1:29:46]} 8. Qc2 {[%clk 1:27:57]} Re8+
{[%clk 1:30:09]} 9. Ne2 {[%clk 1:28:01]} h5 {[%clk 1:30:35]} 10. O-O
{[%clk 1:28:16]} h4 {[%clk 1:31:00]} 11. h3 {[%clk 1:28:36]} Nd7 {[%clk 1:31:21]}
12. Bd2 {[%clk 1:28:47]} Nf8 {[%clk 1:31:24]} 13. Rae1 {[%clk 1:28:48]} g6
{[%clk 1:23:06]} 14. Kh1 {[%clk 1:27:35]} Bc7 {[%clk 1:22:21]} 15. c4
{[%clk 1:27:43]} Be6 {[%clk 1:22:35]} 16. Bc3 {[%clk 1:28:08]} Qd6
{[%clk 1:20:08]} 17. f4 {[%clk 1:26:05]} f5 {[%clk 1:20:36]} 18. b3
{[%clk 1:25:57]} Nh7 {[%clk 1:18:17]} 19. Bb2 {[%clk 1:26:03]} Bd8
{[%clk 1:16:17]} 20. Ng1 {[%clk 1:24:38]} Bf6 {[%clk 1:08:55]} 21. Qd2
{[%clk 1:20:41]} Bg7 {[%clk 0:54:11]} 22. Nf3 {[%clk 1:16:34]} Nf6
{[%clk 0:51:40]} 23. Ne5 {[%clk 1:11:42]} Nh5 {[%clk 0:50:48]} 24. Rf3
{[%clk 1:10:00]} Kh7 {[%clk 0:42:09]} 25. Bc2 {[%clk 1:06:53]} b5
{[%clk 0:33:12]} 26. Rd1 Rad8 {[%clk 0:18:52]} 27. Qf2 {[%clk 0:49:15]} Ng3+
{[%clk 0:13:43]} 28. Kh2 {[%clk 0:48:08]} f6 {[%clk 0:01:00]} 29. Nxc6
{[%clk 0:46:07]} Qxc6 {[%clk 0:01:23]} 30. d5 {[%clk 0:46:34]} Qc7
{[%clk 0:00:35]} 31. dxe6 {[%clk 0:46:35]} Rxe6 {[%clk 0:00:56]} 32. Rxd8
{[%clk 0:45:15]} Qxd8 {[%clk 0:01:25]} 33. Bd3 {[%clk 0:43:37]} Qa5
{[%clk 0:00:51]} 34. Bd4 {[%clk 0:41:37]} Re1 {[%clk 0:00:38]} 35. Rxg3
{[%clk 0:41:22]} hxg3+ {[%clk 0:01:07]} 36. Kxg3 {[%clk 0:41:24]} Rd1
{[%clk 0:00:59]} 37. Be2 {[%clk 0:38:22]} Rd2 {[%clk 0:01:17]} 38. Qe3
{[%clk 0:34:47]} Rxa2 {[%clk 0:00:57]} 39. Bf3 {[%clk 0:33:04]} bxc4
{[%clk 0:00:37]} 40. bxc4 {[%clk 1:03:22]} Qb4 {[%clk 0:30:35]} 41. Qe6
{[%clk 1:02:50]} Qd2 {[%clk 0:22:20]} 42. Bc5 {[%clk 1:00:30]} Ra1
{[%clk 0:14:38]} 43. Qf7 {[%clk 0:58:24]} Rf1 {[%clk 0:11:38]} 44. Qxa7
{[%clk 0:58:23]} g5 {[%clk 0:10:46]} 45. Be3 {[%clk 0:50:52]} Qe1+
{[%clk 0:10:27]} 46. Bf2 {[%clk 0:50:58]} Rxf2 {[%clk 0:10:19]} 0-1

[Event "Figueira 2023"]
[Site "?"]
[Date "2023.11.07"]
[Round "3.17"]
[White "Lewtak, Damian"]
[Black "Silva, Mariana Sofia T."]
[Result "1-0"]
[BlackElo "1943"]
[WhiteElo "2356"]
[LiveChessVersion "1.4.8"]

1. e4 {[%clk 1:30:58]} c5 {[%clk 1:22:21]} 2. Nc3 {[%clk 1:31:07]} Nc6
{[%clk 1:22:24]} 3. Nge2 {[%clk 1:30:50]} e5 {[%clk 1:19:27]} 4. g3
{[%clk 1:29:12]} g6 {[%clk 1:17:56]} 5. Bg2 {[%clk 1:24:01]} Bg7 {[%clk 1:18:04]}
6. d3 {[%clk 1:19:55]} d6 {[%clk 1:16:46]} 7. Be3 {[%clk 1:18:00]} Be6
{[%clk 1:08:09]} 8. Qd2 {[%clk 1:15:56]} Rb8 {[%clk 1:07:37]} 9. O-O
{[%clk 1:14:38]} Nd4 {[%clk 0:59:47]} 10. Nd5 {[%clk 1:12:47]} Qd7
{[%clk 0:47:23]} 11. f4 {[%clk 1:10:16]} Nxe2+ {[%clk 0:42:41]} 12. Qxe2
{[%clk 1:10:41]} Bg4 {[%clk 0:40:18]} 13. Qd2 {[%clk 1:06:10]} Ne7
{[%clk 0:33:55]} 14. fxe5 {[%clk 0:59:51]} Nxd5 {[%clk 0:32:53]} 15. exd5
{[%clk 1:00:15]} Bxe5 {[%clk 0:30:56]} 16. Bh6 {[%clk 1:00:28]} Bh3
{[%clk 0:23:55]} 17. Bxh3 {[%clk 0:58:00]} Qxh3 {[%clk 0:24:20]} 18. Rae1
{[%clk 0:58:13]} Rg8 {[%clk 0:21:17]} 19. Qg5 f5 {[%clk 0:20:30]} 20. Qf6
{[%clk 0:56:33]} Qxh6 {[%clk 0:19:55]} 21. Qxd6 {[%clk 0:56:50]} Kf7
{[%clk 0:18:22]} 22. Rxe5 {[%clk 0:57:08]} Qg5 {[%clk 0:18:21]} 23. Qc7+
{[%clk 0:57:23]} 1-0

[Event "Figueira 2023"]
[Site "?"]
[Date "2023.11.07"]
[Round "3.18"]
[White "Alfonso Ruisanchez, Laritza"]
[Black "Kaczmarek, Aleksander"]
[Result "0-1"]
[BlackElo "2331"]
[WhiteElo "1940"]
[LiveChessVersion "1.4.8"]

1. e4 c5 2. Nf3 d6 3. d4 cxd4 4. Nxd4 Nf6 5. Nc3 a6 6. h3 e6 7. g4 h6 8. Bg2 Be7
9. O-O g5 10. Be3 Nbd7 11. Qe2 Nf8 12. Rad1 Ng6 13. Nf3 Qc7 14. Rfe1 Nd7 15. Qd2
Nde5 16. Ne2 Bd7 17. Ng3 Rc8 18. Nxe5 Nxe5 19. c3 Nc4 20. Qc1 Nxe3 21. Qxe3 Bf6
22. Nh5 Be5 23. f4 gxf4 24. Nxf4 Bb5 25. Rd2 Qc5 26. Qxc5 Rxc5 27. Nd3 Bxd3 28.
Rxd3 Ke7 29. Bf3 b5 30. Re2 Rb8 31. Kf2 b4 32. cxb4 Rxb4 33. b3 Rc1 34. Ke3 Rb7
35. Red2 Rbc7 36. Rd1 R1c2 37. R1d2 Bf6 38. Kf2 Bg5 39. Re2 Bh4+ 40. Ke3 a5 41.
a4 R2c3 42. Rb2 Bf6 43. Rb1 Rxd3+ 44. Kxd3 Rc3+ 45. Ke2 Bd4 46. Bg2 Bc5 47. Rb2
Kf6 48. Rb1 Ke5 49. Rf1 Re3+ 50. Kd2 Rxb3 51. Kc2 Ra3 52. Kb2 f6 53. Bf3 Rxa4 54.
Kb3 Rb4+ 55. Kc3 Bd4+ 56. Kd3 a4 57. h4 a3 58. g5 fxg5 59. hxg5 hxg5
{[%clk 0:44:37]} 60. Kxd4+ {[%clk 1:20:55]} 0-1

[Event "Figueira 2023"]
[Site "?"]
[Date "2023.11.07"]
[Round "3.19"]
[White "Shadhursshaan, R"]
[Black "Walter, Szymon"]
[Result "1/2-1/2"]
[BlackElo "2328"]
[WhiteElo "1899"]
[LiveChessVersion "1.4.8"]

1. d4 Nf6 2. c4 e6 3. Nf3 Bb4+ 4. Nbd2 O-O 5. Qc2 d6 6. a3 Bxd2+ 7. Bxd2 Qe7 8.
c5 Nbd7 9. b4 e5 10. dxe5 dxe5 11. e3 c6 12. Bc4 e4 13. Nd4 Ne5 14. Be2 Bg4 15.
f3 Bh5 16. f4 Nd3+ 17. Bxd3 exd3 18. Qxd3 Ne4 19. O-O Rfe8 20. Rae1 f6 21. Bc1
Bf7 22. Nf5 Qe6 23. Nd6 Nxd6 24. cxd6 Qd5 25. Qxd5 Bxd5 26. Rf2 Re4 27. Bb2 Kf7
28. Bd4 Re6 29. Rd2 Rxd6 30. Bc5 Re6 31. Kf2 a6 32. a4 g5 33. a5 Rae8 34. fxg5
fxg5 35. Kg3 Kg6 36. Rf1 h5 37. h3 h4+ 38. Kh2 Rf6 39. Rdf2 Rxf2 1/2-1/2

[Event "Figueira 2023"]
[Site "?"]
[Date "2023.11.07"]
[Round "3.20"]
[White "Elissalt Cardenas, Hector"]
[Black "Jai, Sankar Subramanian"]
[Result "1-0"]
[BlackElo "1890"]
[WhiteElo "2327"]
[LiveChessVersion "1.4.8"]

1. d4 Nf6 2. c4 g6 3. f3 d5 4. cxd5 Nxd5 5. e4 Nb6 6. Nc3 Bg7 7. Be3 O-O 8. Qd2
Nc6 9. O-O-O e5 10. d5 Nd4 11. Nb5 Nxb5 12. Bxb5 Bd7 13. Qd3 Rc8 14. Ne2 Bxb5 15.
Qxb5 c6 16. dxc6 Qc7 17. Kb1 bxc6 18. Qa6 Rb8 19. Bc5 Rfd8 20. Nc3 Bf8 21. Be3
Rdc8 22. Rc1 Qe7 23. Na4 Nxa4 24. Qxa4 Rb4 25. Qa6 Rcb8 26. Rc2 c5 27. Rhc1 R8b6
28. Qc8 Rb8 29. Qc6 Qd8 30. Bxc5 Bxc5 31. Qxc5 Qd3 32. Ka1 R8b5 33. Qc3 Qd6 34.
h4 Qb6 35. h5 Kg7 36. g4 Ra5 37. Qd2 h6 38. hxg6 Qe6 39. a3 Rba4 40. gxf7 1-0

[Event "Figueira 2023"]
[Site "?"]
[Date "2023.11.07"]
[Round "3.21"]
[White "Junior, Ednasia"]
[Black "Rajesh, V A V"]
[Result "0-1"]
[BlackElo "2310"]
[WhiteElo "1875"]
[LiveChessVersion "1.4.8"]

1. e4 {[%clk 1:30:36]} e5 {[%clk 1:30:55]} 2. Nf3 {[%clk 1:31:02]} Nc6
{[%clk 1:31:21]} 3. Bc4 {[%clk 1:31:26]} Bc5 {[%clk 1:31:46]} 4. c3
{[%clk 1:31:49]} Nf6 {[%clk 1:32:12]} 5. d3 {[%clk 1:32:10]} d6 {[%clk 1:32:39]}
6. h3 {[%clk 1:31:41]} a6 {[%clk 1:32:55]} 7. Bb3 {[%clk 1:31:34]} h6
{[%clk 1:33:18]} 8. Nbd2 {[%clk 1:30:07]} Be6 {[%clk 1:33:34]} 9. Bc2
{[%clk 1:28:22]} Qe7 {[%clk 1:31:39]} 10. Qe2 {[%clk 1:26:47]} Ba7
{[%clk 1:25:47]} 11. Nf1 {[%clk 1:23:44]} d5 {[%clk 1:24:46]} 12. exd5
{[%clk 1:19:05]} Bxd5 {[%clk 1:24:52]} 13. Be3 {[%clk 1:11:22]} Nh5
{[%clk 1:19:50]} 14. Ng3 {[%clk 1:03:42]} Nxg3 {[%clk 1:09:59]} 15. fxg3
{[%clk 1:03:45]} Bxe3 {[%clk 1:10:24]} 16. Qxe3 {[%clk 1:04:05]} O-O-O
{[%clk 1:09:45]} 17. O-O {[%clk 1:03:02]} Bxf3 {[%clk 1:08:34]} 18. Rxf3
{[%clk 0:58:14]} f6 {[%clk 1:08:33]} 19. Ba4 {[%clk 0:53:31]} Rd6
{[%clk 1:05:39]} 20. Re1 {[%clk 0:50:53]} Qd7 {[%clk 0:56:59]} 21. Qe4
{[%clk 0:44:33]} Kb8 {[%clk 0:54:11]} 22. b4 {[%clk 0:40:07]} Rd8
{[%clk 0:53:13]} 23. Bc2 {[%clk 0:28:07]} Na7 {[%clk 0:51:10]} 24. a4
{[%clk 0:23:50]} Qc6 {[%clk 0:50:46]} 25. Qxc6 {[%clk 0:21:03]} Rxc6
{[%clk 0:48:50]} 26. c4 {[%clk 0:20:33]} a5 {[%clk 0:45:47]} 27. b5
{[%clk 0:15:54]} Rcd6 {[%clk 0:46:06]} 28. g4 {[%clk 0:14:58]} Rd4
{[%clk 0:46:14]} 29. Kh2 {[%clk 0:13:37]} Nc8 {[%clk 0:46:16]} 30. Kg3
{[%clk 0:13:34]} Ne7 {[%clk 0:42:54]} 31. h4 {[%clk 0:08:11]} Ng6
{[%clk 0:42:36]} 32. Ree3 {[%clk 0:00:57]} Ka7 {[%clk 0:41:41]} 33. g5
{[%clk 0:01:08]} Nxh4 {[%clk 0:39:27]} 34. gxf6 {[%clk 0:00:48]} Nxf3
{[%clk 0:38:39]} 35. Rxf3 {[%clk 0:00:58]} gxf6 36. Rxf6 Rg8+ 37. Kh3 Rf4 38.
Rxh6 Rf1 39. Kh2 Rf2 40. Bd1 Rfxg2+ 41. Kh3 {[%clk 0:30:31]} Rg1 {[%clk 1:09:06]}
0-1

[Event "Figueira 2023"]
[Site "?"]
[Date "2023.11.07"]
[Round "3.22"]
[White "Antolak, Julia"]
[Black "Cruz, Francisco Manuel Nunes M."]
[Result "1-0"]
[BlackElo "1849"]
[WhiteElo "2281"]
[LiveChessVersion "1.4.8"]

1. d4 {[%clk 1:30:55]} d5 {[%clk 1:30:28]} 2. c4 {[%clk 1:31:18]} c6
{[%clk 1:30:55]} 3. Nc3 {[%clk 1:31:43]} e6 {[%clk 1:31:10]} 4. e4
{[%clk 1:31:35]} dxe4 {[%clk 1:31:25]} 5. Nxe4 {[%clk 1:31:57]} Bb4+
{[%clk 1:31:36]} 6. Bd2 {[%clk 1:32:05]} Qxd4 {[%clk 1:31:38]} 7. Bxb4
{[%clk 1:32:19]} Qxe4+ {[%clk 1:31:59]} 8. Be2 {[%clk 1:32:11]} Na6
{[%clk 1:21:22]} 9. Ba5 {[%clk 1:30:39]} Bd7 {[%clk 1:18:35]} 10. Nf3
{[%clk 1:22:16]} Nf6 {[%clk 1:15:42]} 11. Qd6 {[%clk 1:18:43]} c5
{[%clk 1:06:23]} 12. Rd1 {[%clk 1:15:01]} h6 {[%clk 1:01:29]} 13. Ne5
{[%clk 1:12:32]} b6 {[%clk 0:47:20]} 14. O-O {[%clk 1:00:17]} Qxe2
{[%clk 0:39:59]} 15. Rfe1 {[%clk 0:47:48]} Qxb2 {[%clk 0:35:33]} 16. Rd2
{[%clk 0:41:02]} Qa3 {[%clk 0:33:50]} 17. Nxd7 {[%clk 0:39:50]} O-O-O
{[%clk 0:14:48]} 18. Qc6+ {[%clk 0:39:27]} Nc7 {[%clk 0:15:16]} 19. Bxb6
{[%clk 0:38:42]} axb6 {[%clk 0:14:04]} 20. Nxb6+ {[%clk 0:39:05]} Kb8
{[%clk 0:14:31]} 21. Rb1 {[%clk 0:39:26]} Rxd2 {[%clk 0:14:11]} 22. Nd7+
{[%clk 0:39:47]} Kc8 {[%clk 0:14:01]} 23. Rb8# {[%clk 0:40:12]} 1-0